Construction supervision (Record no. 113165)

MARC details
000 -LEADER
fixed length control field 02309cad a22002415a 4500
001 - CONTROL NUMBER
control field L154805
008 - FIXED-LENGTH DATA ELEMENTS--GENERAL INFORMATION
fixed length control field 120119s2011 xxk f 000 0 eng d
020 ## - INTERNATIONAL STANDARD BOOK NUMBER
International Standard Book Number 9781118009871
035 ## - SYSTEM CONTROL NUMBER
System control number (Sirsi) u154805
041 0# - LANGUAGE CODE
Language code of text/sound track or separate title eng
100 1# - MAIN ENTRY--PERSONAL NAME
Personal name Rounds, Jerald
245 00 - TITLE STATEMENT
Title Construction supervision
Medium [electronic resource]
260 ## - PUBLICATION, DISTRIBUTION, ETC.
Name of publisher, distributor, etc. John Wiley & Sons Inc
Date of publication, distribution, etc. 2011
300 ## - PHYSICAL DESCRIPTION
Extent ebook
505 2# - FORMATTED CONTENTS NOTE
Formatted contents note Section I Setting the stage -- Chapter 1 Overview of the construction industry -- Chapter 2 Supervision and the supervisor -- Section II Soft skills -- Chapter 3 Oral communication -- Chapter 4 Written communication and documentation -- Chapter 5 Team building and maintenance -- Chapter 6 Maintaining the relationship between the employee and the employer -- Chapter 7 Managing the human resource -- Chapter 8 Risk Management and problem solving -- Section III Technical skills -- Chapter 9 Safety -- Chapter 10 The contract as a management tool -- Chapter 11 Managing physical resources -- Chapter 12 Managing costs understanding the estimate -- Chapter 13 Managing costs elements of cost control -- Chapter 14 Managing time on a construction project -- Chapter 15 Managing production -- Chapter 16 Project organization -- Chapter 17 Mobilization -- Chapter 18 Ongoing operations -- Chapter 19 Closeout of field operations -- Chapter 20 The supervisor's continuing development
520 ## - SUMMARY, ETC.
Summary, etc. This ebook covers all supervisory situations one is likely to encounter on a commercial, industrial, or institutional construction project. This ebook is based upon a very successful Electrical Project Supervision (EPS) training program developed by Rounds and Segner for the National Electrical Contractor's Association and licensed to several organizations representing other construction sectors. This program has been delivered for over a decade and continues to be delivered to thousands of construction supervisors each year. The program content has consistently received outstanding reviews and evaluations in numerous different venues.
650 24 - SUBJECT ADDED ENTRY--TOPICAL TERM
Topical term or geographic name entry element EBOOK
651 #4 - SUBJECT ADDED ENTRY--GEOGRAPHIC NAME
Geographic name United Kingdom
Chronological subdivision
690 ## - LOCAL SUBJECT ADDED ENTRY--TOPICAL TERM (OCLC, RLIN)
Topical term or geographic name as entry element Construction management
9 (RLIN) 6230
700 1# - ADDED ENTRY--PERSONAL NAME
Personal name Segner, Robert
856 40 - ELECTRONIC LOCATION AND ACCESS
Uniform Resource Identifier <a href="https://www.vlebooks.com/">https://www.vlebooks.com/</a>
Public note View on VLEbooks. Logins for members only from [email protected]
942 ## - ADDED ENTRY ELEMENTS (KOHA)
Suppress in OPAC 0
Holdings
Withdrawn status Lost status Source of classification or shelving scheme Damaged status Not for loan Home library Current library Shelving location Date acquired Total Checkouts Full call number Barcode Date last seen Copy number Price effective from Koha item type
    Dewey Decimal Classification     Virtual Virtual Online 19/01/2012   EBOOK 154805-1001 06/08/2019 1 06/08/2019 Book